000
00214nam a22000857a 4500
001
1235275
005
20250930120438.0
245
_a
HAREMAĞASININ SIRRI
_c
JODE LUIS VELASCO
260
_b
GÜNIŞIĞI KİTAPLIĞI YAYINLARI
999
_c
1235275
_d
1235275